000 00538nam a2200181Ia 4500
999 _c1677
_d1677
003 OSt
005 20200922113815.0
008 190216s9999||||xx |||||||||||||| ||und||
020 _a9788121926188
040 _coclc
082 _a585
_bVAS/B
100 _aVashishta, P C
_94771
245 0 _aBotany For Degree Students:
_bGymnosperms /
_cP C Vashishta ; A K Sinha ; Anil Kumar
260 _bS Chand & Company,
_aNew Delhi:
_c2005.
300 _a580p
650 _aBotany
942 _cBK
_2ddc
_h585
_iVAS/B
_k585
_mVAS/B